| 000 | 00540nam a2200169 4500 | ||
|---|---|---|---|
| 001 | 113147 | ||
| 003 | ES-MaACL | ||
| 005 | 20230906185756.0 | ||
| 007 | t| | ||
| 008 | 061121s1969 sp r ||||1| spa d | ||
| 100 | 1 |
_aMuthesius, Ehrenfried. _984726 |
|
| 245 | 1 | 0 |
_aOrígenes de la conciencia moderna en crisis / _cEhrenfried Muthesius ; versión por Jaime Navarra Farré. |
| 260 |
_aAlcoy (Alicante) : _bMarfil, _c1969. |
||
| 300 |
_a180 p. ; _c22 cm. |
||
| 700 | 1 |
_aNavarra Farré, Jaime. _985031 |
|
| 852 |
_aES-MaACL _jC-47827 _bR.72708 |
||
| 999 |
_c113147 _d113147 |
||